History Quiz

Random History or Year Quiz

How Much Do You Know About The Titanic? Quiz Stats

Quiz Updated Apr 10, 2015

Challenge
Share
Tweet
Embed
Score 0/14 Timer 05:00
5 Plays Today
Question Answer % Correct
In what year did the Titanic sink?1912
95.7%
What was the intended destination?New York
90.1%
What modern-day country had the most passengers on-board?United Kingdom
77%
To the nearest hundred, how many lives were lost when the Titanic sank?About 1,500
75.3%
How many lifeboats were on-board (including 'collapsible' boats)?20
71.5%
To the nearest hundred, how many people were on the Titanic?About 2,200
71.2%
To the nearest hundred, how many people survived the sinking of the Titanic?About 700
70.1%
Question Answer % Correct
Where was the Titanic built?Belfast, Northern Ireland
63.8%
What company owned the Titanic?White Star Line
54.7%
Who was the captain?Edward J. Smith
47.1%
Where did she set sail from on her voyage?Southampton
41.4%
What was the name of the ship that picked up most of the survivors?RMS Carpathia
37.6%
The full name of the Titanic was RMS Titanic. What does RMS stand for?Royal Mail Ship
33.8%
Who designed the Titanic?Thomas Andrews
26.5%

You're not logged in!

Compare scores with friends on all Sporcle quizzes.
Sign Up with Email
OR
Log In

You Might Also Like...

Show Comments

Extras

Top Quizzes Today


Score Distribution

Your Account Isn't Verified!

In order to create a playlist on Sporcle, you need to verify the email address you used during registration. Go to your Sporcle Settings to finish the process.